| 000 | 01393nam a2200361 a 4500 | ||
|---|---|---|---|
| 001 | ebr10589200 | ||
| 003 | CaPaEBR | ||
| 006 | m u | ||
| 007 | cr cn||||||||| | ||
| 008 | 990513s1999 ne a sb 001 0 eng d | ||
| 010 | _z 99031509 | ||
| 020 | _z1556199449 (alk. paper) | ||
| 020 | _z9027250804 (Eur.) | ||
| 020 | _z9789027250803 | ||
| 020 | _z9789027283795 (e-book) | ||
| 040 |
_aCaPaEBR _cCaPaEBR |
||
| 035 | _a(OCoLC)742367066 | ||
| 050 | 1 | 4 |
_aP95.455 _b.H57 1999eb |
| 082 | 0 | 4 |
_a401/.41 _221 |
| 245 | 0 | 0 |
_aHistorical dialogue analysis _h[electronic resource] / _cedited by Andreas H. Jucker, Gerd Fritz, Franz Lebsanft. |
| 260 |
_aAmsterdam ; _aPhiladelphia : _bJ. Benjamins Pub. Co., _cc1999. |
||
| 300 |
_aviii, 478 p. : _bill. |
||
| 440 | 0 |
_aPragmatics & beyond, _x0922-842X ; _vnew ser. 66 |
|
| 504 | _aIncludes bibliographical references and index. | ||
| 533 |
_aElectronic reproduction. _bPalo Alto, Calif. : _cebrary, _d2011. _nAvailable via World Wide Web. _nAccess may be limited to ebrary affiliated libraries. |
||
| 650 | 0 | _aDialogue analysis. | |
| 655 | 7 |
_aElectronic books. _2local |
|
| 700 | 1 | _aJucker, Andreas H. | |
| 700 | 1 |
_aFritz, Gerd, _d1943- |
|
| 700 | 1 | _aLebsanft, Franz. | |
| 710 | 2 | _aebrary, Inc. | |
| 856 | 4 | 0 |
_uhttp://site.ebrary.com/lib/rucke/Doc?id=10589200 _zAn electronic book accessible through the World Wide Web; click to view |
| 999 |
_c104813 _d104813 |
||